000 00295nam a22001337a 4500
008 171005b xxu||||| |||| 00| 0 eng d
020 _a9780877287186
041 _aeng
080 _a519.9
100 _a48
101 _aPSI
245 _aPSYCHOLOGICAL ASTROLOGY
_cZONDAG,K.H
942 _2udc
_cBK
999 _c31850
_d31850